000 00912cam a22002294a 4500
005 20151026124752.0
008 151026s2010 xxuao frb 001 0 eng d
020 _a9780822348016
020 _a9780822347859
040 _aCO-BoUCM
_cSandra Palacio
_bspa
_dSandra Palacio
041 0 _aeng
100 1 _aEdmonds, Alexander
_d1970-
_972839
245 1 0 _aPretty modern
_bbeauty, sex, and plastic surgery in Brazil
_cAlexander Edmonds
260 _aDurham (Carolina del Norte, Estados Unidos)
_bDuke University Press
_c2010
300 _a297 páginas
_bilustraciones, fotografías
650 7 _aCirugía plástica
_xAspectos sociales
_zBrasil
_910928
650 7 _aBelleza personal
_xAspectos sociales
_zBrasil
_99989
650 7 _aLipoescultura
_xAspectos sociales
_zBrasil
_918576
690 _942820
_aFolclor
942 _2DEWEY
_a17
_cLIBRO
_e1
_h391.60981
_mE241pr
999 _c301598
_d301598